|
|
|
|
| LEADER |
00000nam0a2200000 4500 |
| 001 |
158409 |
| 005 |
20231031154416.0 |
| 010 |
|
|
|a 5050025508
|
| 020 |
|
|
|a RU
|b 91-7117
|
| 035 |
|
|
|a (RuTPU)RU\TPU\book\171800
|
| 090 |
|
|
|a 158409
|
| 100 |
|
|
|a 20090423d1990 m y0rusy5003 ca
|
| 101 |
1 |
|
|a rus
|c eng
|
| 102 |
|
|
|a RU
|
| 105 |
|
|
|a y z 000ay
|
| 200 |
1 |
|
|a Пасынки судьбы
|e роман; рассказы
|e пер. с англ.
|f У. Тревор
|g авт. предисл. Е. Гениева ; сост. И. Левидова ; худож. Д. Каменщиков
|
| 210 |
|
|
|a Москва
|c Радуга
|d 1990
|
| 215 |
|
|
|a 288 с.
|c ил.
|d 21 см
|
| 610 |
1 |
|
|a ирландская литература
|
| 610 |
1 |
|
|a романы
|
| 610 |
1 |
|
|a рассказы
|
| 675 |
|
|
|a 82
|z rus
|
| 700 |
|
1 |
|a Тревор
|b У.
|g Уильям
|4 070
|
| 702 |
|
1 |
|a Гениева
|b Е.
|4 080
|
| 702 |
|
1 |
|a Левидова
|b И.
|4 220
|
| 702 |
|
1 |
|a Каменщиков
|b Д.
|4 440
|
| 801 |
|
0 |
|a RU
|b RuMRKP
|c 19950417
|g psbo
|
| 801 |
|
1 |
|a RU
|b 63413507
|c 20090423
|g PSBO
|
| 801 |
|
2 |
|a RU
|b 63413507
|c 20090423
|g PSBO
|
| 942 |
|
|
|c BK
|